Lectura de macroeconomía colombiana / (Registro nro. 8528)

Detalles MARC
000 -LEADER
fixed length control field 02153nam a2200313Ia 4500
003 - CONTROL NUMBER IDENTIFIER
control field OSt
005 - DATE AND TIME OF LATEST TRANSACTION
control field 20210908162034.0
008 - FIXED-LENGTH DATA ELEMENTS--GENERAL INFORMATION
fixed length control field 210310s1988 ck ad fr 000 0 spa d
020 ## - INTERNATIONAL STANDARD BOOK NUMBER
International Standard Book Number 9586011461
040 ## - CATALOGING SOURCE
Original cataloging agency CO-JMCR
Transcribing agency CO-JMCR
041 0# - LANGUAGE CODE
Language code of text/sound track or separate title spa
082 04 - DEWEY DECIMAL CLASSIFICATION NUMBER
Classification number 339.986 /
Item number L865l
Edition number 23
100 1# - MAIN ENTRY--PERSONAL NAME
Personal name Lora, Eduardo,
9 (RLIN) 17534
Relator term editor
245 10 - TITLE STATEMENT
Title Lectura de macroeconomía colombiana /
Statement of responsibility, etc. Eduardo Lora ; José Antonio Ocampo, Juan Luis Londoño, Leonardo Villar [y otros 3]
250 ## - EDITION STATEMENT
Edition statement Primera edición
260 ## - PUBLICATION, DISTRIBUTION, ETC.
Place of publication, distribution, etc. Bogotá :
Name of publisher, distributor, etc. Tercer Mundo Editores,
Date of publication, distribution, etc. 1988
300 ## - PHYSICAL DESCRIPTION
Extent 374 páginas :
Other physical details ilustraciones y gráficas a blanco y negro ;
Dimensions 21 cm.
490 0# - SERIES STATEMENT
Series statement Economía
500 ## - GENERAL NOTE
General note Incluye notas a pie de página.
504 ## - BIBLIOGRAPHY, ETC. NOTE
Bibliography, etc. note Bibliografía la final de cada capítulo.
505 0# - FORMATTED CONTENTS NOTE
Formatted contents note Comportamiento del ahorro y la inversión: evolución histórica y determinantes -- Estructura económica, políticas de ajuste y distribución del ingreso: la experiencia de los ochentas -- El papel macroeconómico del mercado de alimentos: un modelo de equilibrio general -- Dualismo y desequilibrio intersectorial: un modelo econométrico -- Rigidez de precios y mecanismos de racionamiento: regímenes alternativos -- Macroeconomía del sistema bancario: un modelo aplicado a Colombia
520 3# - SUMMARY, ETC.
Summary, etc. Las seis investigaciones que componen este libro persiguen como objetivo entender los mecanismos de comportamiento de la economía colombiana, teniendo en cuenta sus particularidades institucionales e históricas. Los temas centrales de estudio son: Los proceso de ahorro e inversión, la interacción entre los sectores rurales y urbanos, la relación entre crecimiento e inflación, los efectos distributivos de las políticas de ajuste macroeconómico, la adaptación de la economía a situaciones de desequilibrio, el comportamiento del sistema financiero colombiano.
650 14 - SUBJECT ADDED ENTRY--TOPICAL TERM
Topical term or geographic name entry element Macroeconomía
9 (RLIN) 17536
General subdivision Colecciones de escritos
651 #4 - SUBJECT ADDED ENTRY--GEOGRAPHIC NAME
Geographic name Colombia
General subdivision Política económica
9 (RLIN) 6872
700 1# - ADDED ENTRY--PERSONAL NAME
Personal name Ocampo, José Antonio,
Relator term autor
9 (RLIN) 6129
700 1# - ADDED ENTRY--PERSONAL NAME
Personal name Londoño, Juan Luis,
Relator term autor
9 (RLIN) 4547
700 1# - ADDED ENTRY--PERSONAL NAME
Personal name Villar, Leonardo,
Relator term autor
9 (RLIN) 7095
942 ## - ADDED ENTRY ELEMENTS (KOHA)
Source of classification or shelving scheme Dewey Decimal Classification
Koha item type Books
Existencias
Withdrawn status Lost status Source of classification or shelving scheme Damaged status Not for loan Collection code Home library Current library Date acquired Source of acquisition Full call number Barcode Date last seen Copy number Koha item type
    Dewey Decimal Classification     Non-fiction Biblioteca Pública José María del Castillo y Rada Biblioteca Pública José María del Castillo y Rada 04/15/2018 Donación 339.986 / L865l 430004090 05/16/2024 Ej.1 Books